Responses for Show #3538 - Wednesday, January 12, 2000

Contestants

[<< previous game]

Frank Butterworth, a business development manager from Hingham, Massachusetts

Kevin O'Neill, a stay-at-home father from Strongsville, Ohio

Terence Caulfield, a chief estimator from Silver Spring, Maryland (whose 1-day cash winnings total $9,600)

[next game >>]

Jeopardy! Round responses

BUMPED FROM THE COVER OF TIME
(Alex: Time magazine.)
ROCK & ROLL HALL OF FAME
NAME THE AUTOMAKER
SHABBAT SHALOM
"L"EMENTARY
A LOVELY PORT
    $100 10
Iran

Kevin
    $100 20
The Doors

Terence
    $100 15
Toyota

Kevin
    $100 26
(Kevin: What is Passover?)
...
(Alex: We have less than a minute to go.)

sundown (or sunset)

KevinFrank
    $100 1
(Terence: What is the left?)

the lunatic fringe

TerenceFrank
    $100 6
Acapulco

Kevin
    $200 11
Richard M. Nixon

Kevin
    $200 21
Louis Armstrong

Frank
    $200 16
Pontiac

Kevin
    $200 27
the Ten Commandments

Frank
    $200 2
levitation

Terence
    $200 7
San Salvador

Frank
    $300 12
World War II

Terence
    $300 22
(Terence: Who is Quincy Jones?)

Phil Spector

TerenceFrank
    $300 17
Mercury

Frank
    $300 28
Torah

Frank
    $300 3
loan shark

Terence
    $500 8
Darwin

Frank
    $400 13
Yitzhak Rabin

Kevin
    $400 23
(Frank: Who is Neil Young?)

Paul McCartney

Frank
Triple Stumper
    $400 18
Dodge

Terence
    $400 29
manna

Kevin
    $400 4
(Frank: What are lenses?)

leaves

Frank
Triple Stumper
    $400 9
Clarksville

Terence
    $500 14
(Kevin: Who is Pope John Paul II?)

Pope John Paul I

TerenceKevin
    $500 24
(Frank: Who is Colonel Parker?)
(Kevin: Who is King?)

Sam Phillips

KevinFrank
Triple Stumper
    $500 19
Chrysler

Frank
    $500 30
Sholom Aleichem

Triple Stumper
    $500 5
lineage

Frank
    $500 25
Algiers

Terence

Scores at the first commercial break (after clue 15):

Terence Kevin Frank
$1,600 $400 $900

Scores at the end of the Jeopardy! Round:

Terence Kevin Frank
$2,300 $400 $1,900

Double Jeopardy! Round responses

1994
(Alex: Good year!)
20th CENTURY WOMEN
PLAYING DOCTOR
LITTLE RHODY
BIG WORDS
A LOVELY PORT
    $200 15
prom

Frank
    $200 21
tennis

Kevin
    $200 7
(Terence: What is ER?)

Chicago Hope

TerenceFrank
    $200 26
Newport

Frank
    $200 2
mighty

Terence
    $200 1
vintage

Terence
    $400 17
Discovery

Kevin
    $400 22
(Alex: And it all happened on this lot, MGM at the time.)

MGM

Triple Stumper
    $400 8
Becker

Triple Stumper
    $400 27
Rhode Island Red

Kevin
    $400 3
vast

Terence
    $400 12
Great Britain (England)

Kevin
    $600 18
Colombia

Kevin
    $600 23
(Alex: Minute to go.)

Beatrix

Kevin
    $600 9
Rick Springfield

Terence
    $600 28
(Kevin: What is Yale?)
[The end-of-round signal sounds.]

Brown

Kevin
    $600 4
(Terence: What is leviathan?)

behemoth

Terence
Triple Stumper
    $1,000 13
aperitif

Kevin
    $800 19
Julia Ormond (in Legends of the Fall)

Triple Stumper
    $800 24
(Frank: Who is Martha Graham?)

Agnes de Mille

Frank
Triple Stumper
    $800 10
St. Elsewhere

Kevin
    $800 5
enormous

Triple Stumper
    $800 14
decant it (or strain it)

Terence
    $1000 20
Aldrich Ames

Terence
    $1000 25
Katharine Graham

Triple Stumper
    $1000 11
Ken Olin

Frank
    $1000 6
immense

Terence
    $1000 16
Oporto

Kevin

Scores at the end of the Double Jeopardy! Round:

Terence Kevin Frank
$5,700 $5,200 $2,700

[wagering suggestions for these scores]

Final Jeopardy! Round responses

NEOLOGISMS
FrankWhat is cyberspace?
$2,700
KevinWhat is ?
$5,000
TerenceWhat networking
$5,200
Cyberspace

Final scores:

Terence Kevin Frank
$500 $200 $5,400
2nd place: a trip to Wyndham Morgan Bay Resort, St. Lucia, West Indies 3rd place: Panasonic PalmCam digital camera kit New champion: $5,400

Game dynamics:

Coryat scores:

Terence Kevin Frank
$5,700 $5,400 $2,500
15 R,
4 W
16 R
(including 1 DD),
4 W
(including 1 DD)
15 R
(including 1 DD),
4 W

Combined Coryat: $13,600

[game clues] [game scores] [suggest correction]

Game tape date: 1999-11-09
The J! Archive is created by fans, for fans. Scraping, republication, monetization, and malicious use prohibited; this site may use cookies and collect identifying information. See terms. The Jeopardy! game show and all elements thereof, including but not limited to copyright and trademark thereto, are the property of Jeopardy Productions, Inc. and are protected under law. This website is not affiliated with, sponsored by, or operated by Jeopardy Productions, Inc. Join the discussion at JBoard.tv.